| 000 | 01783nam a2200301 a 4500 | ||
|---|---|---|---|
| 001 | 000037683 | ||
| 003 | DO-SdBNP | ||
| 005 | 20250207101102.0 | ||
| 008 | 121115s2012 dr 000 0 spa d | ||
| 020 | _a9789945164886 | ||
| 040 |
_aDO-SdBNP _bspa _cBNPHU |
||
| 082 |
_a321.8 _bT266c |
||
| 100 | 1 |
_aTejera, Eduardo J _b1947- _910749 |
|
| 245 | 1 | 0 |
_aCincuenta años de democracia y desarrollo dominicano 1961-2011 : _blogros y fracasos / _cEduardo J. Tejera. |
| 260 |
_aSanto Domingo : _bFundación Dominicana de Estudios Económicos, _c2012. |
||
| 300 |
_a511 p. ; _c24 cm. |
||
| 500 | _aIncluye referencias bibliográficas y notas al pie de las páginas | ||
| 500 | _aIncluye datos biográficos del autor en las solapas | ||
| 504 | _aBibliografía : p. 499- 511 | ||
| 505 | 0 |
_tIntroducción-- _tCambios democráticos y población. El gran salto -- _tGobierno transitorio de Joaquín Balaguer -- _tGobierno de dos Consejos de Estado -- _tGobienro de Juan Bosch -- _tInterregno de dos triunviratos -- _tLa guerra Civil -- _tGobierno provisional de Héctor García Godoy -- _tLos doces años de Joaquín Balaguer -- _tGobierno de Antonio Guzmán -- _tGobierno de Salvador Jorge Blanco -- _tDiez años de Joaquín Balaguer -- _tGobierno de Leonel Fernández -- _tGobierno de Hipólito Mejía -- _tNuevo Gobierno de Leonel Fernández -- _tEvaluación de los cincuenta años -- _tBibliografía -- |
|
| 590 | _aInventariado, 2018/BT | ||
| 650 | 1 | 4 |
_aDemocracia _zRepública Dominicana _y1961-2011 _964143 |
| 651 | 1 | 4 |
_aRepública Dominicana _xPolítica y gobierno _y1961-2011 _964144 |
| 651 | 1 | 4 |
_aRepública Dominicana _xCondiciones económicas _y1961-2011 _964145 |
| 651 | 1 | 4 |
_aRepública Dominicana _xHistoria _y1961-2011 _964146 |
| 910 | _aValidado. Control de calidad. MFF | ||
| 942 |
_2ddc _cLBS1 |
||
| 999 |
_c37173 _d37173 |
||